| 000 | 00380cam a2200145ua 4500 | ||
|---|---|---|---|
| 041 |
_aeng _h |
||
| 082 |
_a828.09 _bMUL/ST |
||
| 100 | _aMullik, B.R. | ||
| 245 |
_aStudies in dramatists vol Xll Goldsmith and sheridan / _cB R Mullik. _hTextual Documents |
||
| 260 |
_aNew Delhi : _bS.Chand and Co , _c1964. |
||
| 300 | _a40 ; . | ||
| 504 | _a | ||
| 942 | _cBK | ||
| 999 |
_c3592 _d3592 |
||